Statistics for Countries Closest to Yemen - 15 Second Sprint

Click here to take the quiz!

General Stats

  • This quiz has been taken 17 times
  • The average score is 7 of 20

Answer Stats

kmcountrymiles% Correct
0Oman0
93%
0Saudi Arabia0
87%
615Qatar382
67%
442United Arab
Emirates
275
60%
858Iran533
53%
1212Iraq753
53%
1106Kuwait687
53%
771Bahrain479
40%
1493Jordan928
33%
839Egypt521
27%
480Sudan298
27%
29Eritrea18
20%
109Ethiopia68
20%
20Djibouti13
13%
133Somalia83
13%
1206Pakistan750
7%
1504Afghanistan935
0%
985Kenya612
0%
1070South Sudan665
0%
1397Uganda868
0%

Score Distribution

Percentile by Number Answered

Percent of People with Each Score

Your Score History

You have not taken this quiz